[Event "Belem op 1st"]
[Site "Belem"]
[Date "2024.04.13"]
[Round "3"]
[White "De Farias, Fernando Ramos"]
[Black "Da Cunha, Giovanni Maciel"]
[Result "1-0"]
[WhiteElo "1800"]
[BlackElo "1933"]
[PlyCount "70"]
[EventDate "2024.04.13"]
[EventType "swiss"]
[EventRounds "6"]
[EventCountry "BRA"]
[SourceTitle "CB18_2024"]
[SourceDate "2024.05.01"]
[SourceVersion "1"]
[SourceVersionDate "2024.05.01"]
[SourceQuality "2"]

1. e4 e5 2. Nf3 Nf6 3. Nxe5 d6 4. Nf3 Nxe4 5. d4 d5 6. Bd3 Bd6 7. c4 c6 8. Nc3 Nxc3 9. bxc3 0-0 10. 0-0 Nd7 11. c5 Bc7 12. Bg5 f6 13. Bd2 Re8 14. Qc2 Nf8 15. h3 Be6 16. Rfe1 Qd7 17. Bf1 b6 18. cxb6 axb6 19. Qd1 Bf5 20. Be3 Qd6 21. g3 Ng6 22. Nd2 Re7 23. Qh5 Rae8 24. Qxf5 Rxe3 25. Rxe3 Rxe3 26. fxe3 Qxg3+ 27. Bg2 Qxe3+ 28. Qf2 Qxc3 29. Re1 Bf4 30. Nf3 h5 31. Qe2 Bg3 32. Rf1 Nf4 33. Qd2 Qc4 34. Kh1 Ne2 35. Ng1 Nxd4 1-0

[Event "Paraense-ch"]
[Site "Castanhal"]
[Date "2020.11.01"]
[Round "3"]
[White "Da Cunha, Giovanni Maciel"]
[Black "De Araujo, Jaylson Javier Silv"]
[Result "0-1"]
[WhiteElo "1901"]
[BlackElo "2058"]
[PlyCount "76"]
[EventDate "2020.10.31"]
[EventType "swiss"]
[EventRounds "5"]
[EventCountry "BRA"]
[SourceTitle "EXT 2022"]
[Source "ChessBase"]
[SourceDate "2021.10.06"]
[SourceVersion "1"]
[SourceVersionDate "2021.10.06"]
[SourceQuality "1"]

1. e4 c5 2. Nc3 Nc6 3. Bb5 Nf6 4. Bxc6 dxc6 5. d3 e5 6. Bg5 Be7 7. Nf3 Qd6 8. h3 Be6 9. a4 h6 10. Bh4 Nd7 11. Bg3 Bf6 12. Qe2 a6 13. Nd1 0-0 14. Ne3 g6 15. h4 h5 16. Ng5 b5 17. a5 Rfe8 18. 0-0 Nf8 19. c3 Rad8 20. Rad1 Bb3 21. Rd2 Ne6 22. Nxe6 Qxe6 23. f4 exf4 24. Rxf4 Qe7 25. Qf3 Be5 26. Rf5 gxf5 27. Nxf5 Qf6 28. Bxe5 Rxe5 29. Qg3+ Kh7 30. Rf2 Rg8 31. Qh3 Be6 32. d4 Rxe4 33. Qf3 Qxf5 34. Qxf5+ Bxf5 35. Rxf5 cxd4 36. Rxh5+ Kg7 37. cxd4 Rxd4 38. Kh2 Rd5 0-1

[Event "Paraense-ch"]
[Site "Castanhal"]
[Date "2020.11.01"]
[Round "2"]
[White "Da Cunha, Giovanni Maciel"]
[Black "De Sena, Antonio W Oliveira"]
[Result "1-0"]
[WhiteElo "1901"]
[BlackElo "1941"]
[PlyCount "59"]
[EventDate "2020.10.31"]
[EventType "swiss"]
[EventRounds "5"]
[EventCountry "BRA"]
[SourceTitle "EXT 2022"]
[Source "ChessBase"]
[SourceDate "2021.10.06"]
[SourceVersion "1"]
[SourceVersionDate "2021.10.06"]
[SourceQuality "1"]

1. e4 d5 2. e5 Bf5 3. d4 e6 4. Bd3 Bxd3 5. Qxd3 c5 6. c3 Nc6 7. Ne2 Qb6 8. 0-0 Nge7 9. Nd2 cxd4 10. cxd4 Nf5 11. Nf3 Be7 12. g4 Nh4 13. Nxh4 Bxh4 14. Be3 f6 15. f4 0-0-0 16. a3 Kb8 17. b4 g5 18. b5 Na5 19. exf6 gxf4 20. Bxf4+ Ka8 21. f7 Be7 22. Be5 Nc4 23. Bxh8 Rxh8 24. Kh1 Qxb5 25. Nf4 e5 26. dxe5 Qc6 27. e6 d4+ 28. Qf3 Qe8 29. Rfe1 Bg5 30. Qd5 1-0

[Event "Belem Amazon op U2200"]
[Site "Belem"]
[Date "2018.05.18"]
[Round "2"]
[White "Da Cunha, Giovanni Maciel"]
[Black "Medeiros, Jose Eduardo Guimar"]
[Result "0-1"]
[WhiteElo "1935"]
[BlackElo "1736"]
[PlyCount "140"]
[EventDate "2018.05.18"]
[EventType "swiss"]
[EventRounds "6"]
[EventCountry "BRA"]
[SourceTitle "EXT 2019"]
[Source "ChessBase"]
[SourceDate "2018.10.10"]
[SourceVersion "1"]
[SourceVersionDate "2018.10.10"]
[SourceQuality "1"]

1. Nf3 Nf6 2. g3 e6 3. c4 d5 4. b3 Be7 5. Bg2 0-0 6. Bb2 c5 7. e3 Nc6 8. d4 cxd4 9. Nxd4 Bd7 10. 0-0 dxc4 11. bxc4 Qb6 12. Qe2 Rac8 13. Nc3 Na5 14. Rab1 Qd8 15. Rfd1 Qe8 16. Ba1 Rb8 17. Ndb5 a6 18. Nd6 Bxd6 19. Rxd6 Bc6 20. Rbd1 Bxg2 21. Kxg2 Rc8 22. Ne4 Nxe4 23. Qg4 e5 24. Qxe4 Nxc4 25. Rd7 b5 26. Ra7 Qc6 27. Qxc6 Rxc6 28. Rdd7 Re6 29. e4 a5 30. Rd5 Rb6 31. Bxe5 Nxe5 32. Rxe5 a4 33. h4 Rbb8 34. h5 h6 35. Ra5 Rfe8 36. Rxe8+ Rxe8 37. f3 Rb8 38. Kf2 Rb7 39. Ra8+ Kh7 40. f4 Rc7 41. Rb8 Rc2+ 42. Kf3 Rxa2 43. Rxb5 a3 44. Ra5 Ra1 45. Ra6 a2 46. Kg4 Kg8 47. e5 Kf8 48. Ra7 Ke8 49. Kf5 Kf8 50. Kg4 Ke8 51. f5 Kf8 52. f6 gxf6 53. exf6 Ke8 54. Re7+ Kf8 55. Rd7 Re1 56. Rd8+ Re8 57. Rd1 Ra8 58. Ra1 Ra5 59. Kh4 Ke8 60. g4 Kd7 61. Kg3 Ke6 62. Kf4 Kxf6 63. g5+ hxg5+ 64. Kg4 Ra4+ 65. Kf3 Kg7 66. Kg3 Kh6 67. Kf3 Kxh5 68. Kg3 f5 69. Kh3 Rh4+ 70. Kg2 f4 0-1

[Event "Belem Gambito da Dama op 1st U2000"]
[Site "Belem"]
[Date "2018.02.02"]
[Round "1.1"]
[White "Albuquerque, Antonio Lazaro"]
[Black "Da Cunha, Giovanni Maciel"]
[Result "1/2-1/2"]
[WhiteElo "1818"]
[BlackElo "1961"]
[PlyCount "56"]
[EventDate "2018.02.12"]
[EventType "swiss"]
[EventRounds "5"]
[EventCountry "BRA"]
[SourceTitle "EXT 2022"]
[Source "ChessBase"]
[SourceDate "2021.10.06"]
[SourceVersion "1"]
[SourceVersionDate "2021.10.06"]
[SourceQuality "1"]

1. d4 Nf6 2. Nf3 d5 3. Bf4 e6 4. e3 Bd6 5. Bxd6 cxd6 6. Bb5+ Nc6 7. Nbd2 0-0 8. 0-0 Qb6 9. Bxc6 bxc6 10. Rb1 Re8 11. c4 Ba6 12. b3 h6 13. Re1 Ne4 14. Nxe4 dxe4 15. Nd2 f5 16. Qh5 Bb7 17. c5 dxc5 18. Nc4 Qc7 19. dxc5 Ba6 20. Nd6 Re7 21. b4 Bd3 22. Rb2 a6 23. a3 Rd8 24. Qh4 Kh7 25. Qh5 g6 26. Qd1 Red7 27. Qd2 Rxd6 28. cxd6 Rxd6 1/2-1/2

[Event "Belem Gambito da Dama op 1st U2000"]
[Site "Belem"]
[Date "2018.02.02"]
[Round "2.7"]
[White "Da Cunha, Giovanni Maciel"]
[Black "Folha, Matheus Serrao"]
[Result "1-0"]
[WhiteElo "1961"]
[BlackElo "1834"]
[PlyCount "70"]
[EventDate "2018.02.12"]
[EventType "swiss"]
[EventRounds "5"]
[EventCountry "BRA"]
[SourceTitle "EXT 2022"]
[Source "ChessBase"]
[SourceDate "2021.10.06"]
[SourceVersion "1"]
[SourceVersionDate "2021.10.06"]
[SourceQuality "1"]

1. d4 Nf6 2. g3 g6 3. Bg2 Bg7 4. e3 0-0 5. Ne2 c5 6. d5 d6 7. 0-0 b5 8. a4 b4 9. a5 Ba6 10. Re1 Nbd7 11. c3 Rb8 12. cxb4 cxb4 13. Nd4 Bb5 14. Nd2 Nc5 15. Nxb5 Rxb5 16. Nc4 Qc8 17. Qe2 Nb3 18. Rb1 Nxa5 19. Nxd6 exd6 20. Qxb5 Qc5 21. Qe2 Nxd5 22. Bxd5 Qxd5 23. e4 Qb3 24. Be3 Nc4 25. Bxa7 Ra8 26. Be3 Bxb2 27. Bh6 Qc3 28. Kg2 Ra2 29. Qg4 Ne5 30. Qd1 Ba3 31. Be3 Nd3 32. Re2 Rxe2 33. Qxe2 b3 34. Bh6 Bc5 35. Qg4 Qb4 1-0

[Event "Para State-ch final"]
[Site "Belem"]
[Date "2017.12.03"]
[Round "5.4"]
[White "Cavalheiro, Alvancir Elves"]
[Black "Da Cunha, Giovanni Maciel"]
[Result "1/2-1/2"]
[WhiteElo "1833"]
[BlackElo "1976"]
[PlyCount "28"]
[EventDate "2017.12.01"]
[EventType "swiss"]
[EventRounds "6"]
[EventCountry "BRA"]
[SourceTitle "CBM 182 Extra"]
[Source "ChessBase"]
[SourceDate "2018.02.23"]
[SourceVersion "1"]
[SourceVersionDate "2018.02.23"]
[SourceQuality "1"]

1. c4 Nf6 2. Nc3 g6 3. e4 d6 4. d3 Bg7 5. Nge2 0-0 6. g3 c5 7. Bg2 Nc6 8. a3 a6 9. Bg5 Rb8 10. Qc2 b5 11. cxb5 axb5 12. 0-0 Ba6 13. Rfd1 Qc8 14. Nd5 Re8 1/2-1/2

[Event "Para State-ch final"]
[Site "Belem"]
[Date "2017.12.02"]
[Round "3.2"]
[White "Da Cunha, Giovanni Maciel"]
[Black "Moraes, Nelson da Silva"]
[Result "0-1"]
[WhiteElo "1976"]
[BlackElo "2164"]
[PlyCount "27"]
[EventDate "2017.12.01"]
[EventType "swiss"]
[EventRounds "6"]
[EventCountry "BRA"]
[SourceTitle "CBM 182 Extra"]
[Source "ChessBase"]
[SourceDate "2018.02.23"]
[SourceVersion "1"]
[SourceVersionDate "2018.02.23"]
[SourceQuality "1"]

1. e4 e6 2. d4 d5 3. Nd2 c5 4. Ngf3 Nc6 5. exd5 exd5 6. Bb5 Qe7+ 7. Be2 Qc7 8. 0-0 Nxd4 9. Nb3 Nf6 10. Re1 Be7 11. Nbxd4 a6 12. Bg5 0-0 13. c3 Ng4 14. Bxe7 0-1

[Event "Belem zt"]
[Site "Belem"]
[Date "2017.08.19"]
[Round "3"]
[White "Da Cunha, Giovanni Maciel"]
[Black "Pessoa, Andre Joaquim De Pi"]
[Result "1-0"]
[WhiteElo "1998"]
[BlackElo "1784"]
[PlyCount "91"]
[EventDate "2017.08.18"]
[EventType "swiss"]
[EventRounds "6"]
[EventCountry "BRA"]
[SourceTitle "CBM 180 Extra"]
[Source "ChessBase"]
[SourceDate "2017.10.06"]
[SourceVersion "1"]
[SourceVersionDate "2017.10.06"]
[SourceQuality "1"]

1. Nf3 Nc6 2. g3 e5 3. d3 Nf6 4. Bg2 h6 5. 0-0 d5 6. c3 Be6 7. Nbd2 Qd7 8. Re1 Bh3 9. Bh1 Bc5 10. b4 Bxf2+ 11. Kxf2 Ng4+ 12. Kg1 d4 13. Ne4 dxc3 14. Nc5 Qd6 15. a3 Nd4 16. Nxd4 exd4 17. Qa4+ Kf8 18. Bxb7 Re8 19. Bf4 Qe7 20. Qd7 g5 21. Qxd4 f6 22. Bc1 h5 23. Bxg5 Rd8 24. Qxc3 Rg8 25. Bf4 h4 26. e4 hxg3 27. hxg3 Ne5 28. d4 Rxd4 29. Bd5 Rh8 30. Ne6+ Bxe6 31. Bxe5 fxe5 32. Bxe6 Qxe6 33. Qxc7 Rd7 34. Rf1+ Kg7 35. Qc5 Rh1+ 36. Kf2 Rf7+ 37. Ke2 Qg4+ 38. Kd2 Rhxf1 39. Qxe5+ R1f6 40. Rh1 Rd7+ 41. Kc1 Qg6 42. g4 Kf7 43. g5 Rf2 44. Rh6 Rf1+ 45. Kc2 Rf2+ 46. Kb3 1-0

[Event "Belem op 2nd"]
[Site "Belem"]
[Date "2017.07.09"]
[Round "6"]
[White "Da Cunha, Giovanni Maciel"]
[Black "Melo, Clodovio De Paula"]
[Result "1-0"]
[WhiteElo "2004"]
[BlackElo "1674"]
[PlyCount "46"]
[EventDate "2017.07.07"]
[EventType "swiss"]
[EventRounds "6"]
[EventCountry "BRA"]
[SourceTitle "EXT 2018"]
[Source "ChessBase"]
[SourceDate "2017.10.13"]
[SourceVersion "1"]
[SourceVersionDate "2017.10.13"]
[SourceQuality "1"]

1. e4 g6 2. c3 Bg7 3. d4 d6 4. f4 Nf6 5. Bd3 e5 6. Nf3 exd4 7. cxd4 0-0 8. 0-0 Nbd7 9. h3 Re8 10. Qc2 Nf8 11. Nc3 c6 12. Be3 Bd7 13. Rae1 Rc8 14. Qb3 b6 15. Ng5 Ne6 16. f5 gxf5 17. Rxf5 Nxg5 18. Rxg5 Be6 19. d5 cxd5 20. exd5 Rxc3 21. Qxc3 h6 22. Rxg7+ Kxg7 23. dxe6 Rxe6 1-0

[Event "Belem op 2nd"]
[Site "Belem"]
[Date "2017.07.08"]
[Round "3"]
[White "Assuncao, Darlane Brito"]
[Black "Da Cunha, Giovanni Maciel"]
[Result "1-0"]
[WhiteElo "1790"]
[BlackElo "2004"]
[PlyCount "55"]
[EventDate "2017.07.07"]
[EventType "swiss"]
[EventRounds "6"]
[EventCountry "BRA"]
[SourceTitle "EXT 2018"]
[Source "ChessBase"]
[SourceDate "2017.10.13"]
[SourceVersion "1"]
[SourceVersionDate "2017.10.13"]
[SourceQuality "1"]

1. Nf3 Nf6 2. d4 d5 3. Bf4 e6 4. e3 Bd6 5. Bg3 b6 6. Bd3 0-0 7. Nbd2 c5 8. c3 Ba6 9. Bxa6 Nxa6 10. Qe2 Nb8 11. e4 Bxg3 12. hxg3 dxe4 13. Nxe4 Nbd7 14. 0-0-0 Nxe4 15. Qxe4 Nf6 16. Qh4 Qd5 17. dxc5 Qxc5 18. g4 Rfd8 19. Rxd8+ Rxd8 20. g5 Ne8 21. Qxh7+ Kf8 22. g6 Qxf2 23. gxf7 Qe3+ 24. Kb1 Kxf7 25. Qh5+ Kf8 26. Ng5 Rd7 27. Rf1+ Ke7 28. Qf7+ 1-0

[Event "Belem FEXPA U2200 op 1st"]
[Site "Belem"]
[Date "2017.05.21"]
[Round "5"]
[White "Da Cunha, Giovanni Maciel"]
[Black "Veiga, Emerson de Sousa"]
[Result "0-1"]
[WhiteElo "1988"]
[BlackElo "2064"]
[PlyCount "30"]
[EventDate "2017.05.19"]
[EventType "swiss"]
[EventRounds "6"]
[EventCountry "BRA"]
[SourceTitle "EXT 2018"]
[Source "ChessBase"]
[SourceDate "2017.10.13"]
[SourceVersion "1"]
[SourceVersionDate "2017.10.13"]
[SourceQuality "1"]

1. d4 Nf6 2. c4 e6 3. Nc3 c5 4. d5 exd5 5. cxd5 d6 6. e4 g6 7. Nge2 a6 8. a4 Bg7 9. Ng3 0-0 10. Be2 Re8 11. 0-0 h5 12. Re1 h4 13. Nf1 Nxe4 14. Nxe4 Rxe4 15. Qc2 Bf5 0-1

[Event "Belem FEXPA op 1st"]
[Site "Belem"]
[Date "2017.02.05"]
[Round "6"]
[White "Rodrigues, Jordy Pires"]
[Black "Da Cunha, Giovanni Maciel"]
[Result "0-1"]
[WhiteElo "1960"]
[BlackElo "1969"]
[PlyCount "141"]
[EventDate "2017.02.03"]
[EventType "swiss"]
[EventRounds "6"]
[EventCountry "BRA"]
[SourceTitle "CBM 176 Extra"]
[Source "ChessBase"]
[SourceDate "2017.03.02"]
[SourceVersion "1"]
[SourceVersionDate "2017.03.02"]
[SourceQuality "1"]

1. Nf3 g6 2. g3 Bg7 3. Bg2 Nf6 4. 0-0 0-0 5. d4 d6 6. Nc3 Nbd7 7. Bg5 Rb8 8. Re1 b5 9. e4 b4 10. Nb1 e5 11. Qd2 Re8 12. a3 a5 13. axb4 axb4 14. c4 c5 15. d5 Nb6 16. Qc2 Bd7 17. h3 Qc8 18. Kh2 Ra8 19. Nbd2 Qb7 20. b3 Ra6 21. Qb2 Rea8 22. Reb1 Qa7 23. Rxa6 Qxa6 24. Ne1 Qa2 25. Nc2 Ne8 26. Qc1 Qa6 27. f3 f5 28. g4 h6 29. Be3 f4 30. Bf2 Qc8 31. Nxb4 Nxc4 32. bxc4 cxb4 33. Rxb4 Nc7 34. Qb2 Na6 35. Rb6 Bf8 36. Bf1 Nc5 37. Qb1 Ra3 38. Rb8 Qc7 39. Qb6 Qxb6 40. Rxb6 Nd3 41. Bxd3 Rxd3 42. Rb2 Ba4 43. Kg2 Kf7 44. Be1 Be7 45. Ra2 Bd1 46. Ra1 Bc2 47. Rc1 Ba4 48. Kf1 Bd8 49. Ke2 Re3+ 50. Kf1 Ra3 51. Ke2 Bb6 52. Nb1 Re3+ 53. Kf1 Rxf3+ 54. Kg2 Re3 55. Nc3 f3+ 56. Kf1 Bb3 57. Bf2 Bxc4+ 58. Kg1 Bc5 59. Na4 Rxe4 60. Bxc5 dxc5 61. Nxc5 Rd4 62. Nd7 Bxd5 63. Nxe5+ Kf6 64. Nd7+ Kg5 65. Ne5 Kf4 66. Nxg6+ Kg3 67. Rf1 Rd2 68. Ne7 Be4 69. Nf5+ Bxf5 70. gxf5 f2+ 71. Kh1 0-1

[Event "Belem FEXPA op 1st"]
[Site "Belem"]
[Date "2017.02.04"]
[Round "3"]
[White "Da Cunha, Giovanni Maciel"]
[Black "Silva, Janio Santos"]
[Result "0-1"]
[WhiteElo "1969"]
[BlackElo "1868"]
[PlyCount "100"]
[EventDate "2017.02.03"]
[EventType "swiss"]
[EventRounds "6"]
[EventCountry "BRA"]
[SourceTitle "CBM 176 Extra"]
[Source "ChessBase"]
[SourceDate "2017.03.02"]
[SourceVersion "1"]
[SourceVersionDate "2017.03.02"]
[SourceQuality "1"]

1. b3 d5 2. Bb2 Nd7 3. e3 Ngf6 4. Nf3 g6 5. Be2 Bg7 6. 0-0 0-0 7. d3 c5 8. Nbd2 Qc7 9. c4 e6 10. Qc2 b6 11. cxd5 exd5 12. d4 Bb7 13. Rac1 Rac8 14. Bd3 Rfe8 15. Rfe1 Qd6 16. Ba3 Qb8 17. Qb1 Ne4 18. Bxe4 dxe4 19. Ng5 cxd4 20. Ngxe4 dxe3 21. Rxe3 Rxc1+ 22. Qxc1 Qf4 23. g3 Qb8 24. Bd6 Qc8 25. Qd1 f5 26. Ng5 Rxe3 27. fxe3 Qc6 28. Nde4 h6 29. b4 hxg5 30. Qb3+ Qd5 31. Qxd5+ Bxd5 32. Nxg5 Bxa2 33. Nf3 a5 34. bxa5 bxa5 35. Nd4 Bxd4 36. exd4 Kf7 37. Kf2 Ke6 38. Ba3 Kd5 39. Ke3 Nb6 40. Bc5 Nc4+ 41. Kf4 Ke6 42. Kg5 Kf7 43. d5 Nd2 44. Bb6 a4 45. g4 Bb1 46. gxf5 Bxf5 47. Kf4 a3 48. Bd4 a2 49. h4 Bd7 50. Ke5 Nf3+ 0-1

[Event "Belem FEXPA op 1st"]
[Site "Belem"]
[Date "2017.02.03"]
[Round "1"]
[White "Da Cunha, Giovanni Maciel"]
[Black "Almeida, Luis Fernando Silva"]
[Result "1-0"]
[WhiteElo "1969"]
[BlackElo "1610"]
[PlyCount "81"]
[EventDate "2017.02.03"]
[EventType "swiss"]
[EventRounds "6"]
[EventCountry "BRA"]
[SourceTitle "CBM 176 Extra"]
[Source "ChessBase"]
[SourceDate "2017.03.02"]
[SourceVersion "1"]
[SourceVersionDate "2017.03.02"]
[SourceQuality "1"]

1. d4 Nf6 2. Nf3 e6 3. c4 d5 4. e3 c5 5. Nc3 Nc6 6. Ne5 a6 7. Nxc6 bxc6 8. Bd3 Bd6 9. a3 Bb7 10. dxc5 Bxc5 11. b4 dxc4 12. Bxc4 Qxd1+ 13. Kxd1 Rd8+ 14. Ke2 Bd6 15. Na4 0-0 16. Bb2 Nd7 17. Rad1 Be7 18. Rd3 Rfe8 19. Rhd1 Nf6 20. Bxf6 Bxf6 21. Nc5 Rxd3 22. Rxd3 Ba8 23. Bxa6 Rd8 24. Rxd8+ Bxd8 25. Kd3 Kf8 26. e4 Ke7 27. f4 Bc7 28. g3 f6 29. a4 Bb6 30. Kc4 Kd6 31. a5 Ba7 32. e5+ fxe5 33. fxe5+ Kxe5 34. Nd7+ Kd6 35. Nb6 Bxb6 36. axb6 c5 37. bxc5+ Kc6 38. Bb5+ Kb7 39. Kd4 Kc8 40. c6 Kb8 41. Ke5 1-0

[Event "Paraense zt"]
[Site "Belem"]
[Date "2016.09.11"]
[Round "5.3"]
[White "Mendes, Joao Paulo"]
[Black "Da Cunha, Giovanni Maciel"]
[Result "0-1"]
[WhiteElo "1940"]
[BlackElo "1946"]
[PlyCount "38"]
[EventDate "2016.09.09"]
[EventType "swiss"]
[EventRounds "5"]
[EventCountry "BRA"]
[SourceTitle "EXT 2022"]
[Source "ChessBase"]
[SourceDate "2021.10.06"]
[SourceVersion "1"]
[SourceVersionDate "2021.10.06"]
[SourceQuality "1"]

1. e4 c5 2. Nf3 d6 3. Nc3 Nc6 4. Bb5 Bd7 5. 0-0 a6 6. Bxc6 Bxc6 7. d4 cxd4 8. Nxd4 Bd7 9. f4 e6 10. e5 Qc7 11. Nf3 d5 12. Kh1 Ne7 13. Ne2 Nf5 14. Ned4 g6 15. Nxf5 gxf5 16. Ng5 h5 17. Rf3 Be7 18. Bd2 Bc6 19. Qe1 a5 0-1

[Event "Paraense zt"]
[Site "Belem"]
[Date "2016.09.09"]
[Round "1.2"]
[White "Da Cunha, Giovanni Maciel"]
[Black "Pessoa, Andre Joaquim De Pi"]
[Result "1-0"]
[WhiteElo "1946"]
[BlackElo "1800"]
[PlyCount "83"]
[EventDate "2016.09.09"]
[EventType "swiss"]
[EventRounds "5"]
[EventCountry "BRA"]
[SourceTitle "EXT 2022"]
[Source "ChessBase"]
[SourceDate "2021.10.06"]
[SourceVersion "1"]
[SourceVersionDate "2021.10.06"]
[SourceQuality "1"]

1. e4 c5 2. Nf3 Nc6 3. d4 cxd4 4. Nxd4 e5 5. Nb5 Nf6 6. Bg5 Bc5 7. Nd6+ Ke7 8. Bxf6+ gxf6 9. Nf5+ Ke8 10. Qd5 d6 11. Bc4 Qc7 12. Nc3 Nd4 13. 0-0-0 Bxf5 14. exf5 a6 15. Ne4 Rc8 16. g4 b5 17. Bb3 a5 18. c3 a4 19. Bc2 a3 20. cxd4 Bxd4 21. Nxd6+ Ke7 22. Nxc8+ Rxc8 23. Qb3 Bxb2+ 24. Kb1 b4 25. Rhe1 Bd4 26. Rxd4 Kf8 27. Rxb4 Qa5 28. Rc1 Kg7 29. Rb7 Rf8 30. h4 Qc5 31. Qe3 Qc6 32. Qe4 Qd6 33. g5 fxg5 34. hxg5 Rd8 35. g6 h6 36. gxf7 Rd7 37. Rg1+ Kf8 38. Rg8+ Kxf7 39. Bb3+ Ke7 40. Rxd7+ Kxd7 41. Qb7+ Qc7 42. Rg7+ 1-0

[Event "Belem Leao Memorial"]
[Site "Belem"]
[Date "2016.06.03"]
[Round "2"]
[White "Da Cunha, Giovanni Maciel"]
[Black "Reis, Alan de Albuquerque"]
[Result "1-0"]
[WhiteElo "1930"]
[BlackElo "2086"]
[PlyCount "42"]
[EventDate "2016.06.03"]
[EventType "swiss"]
[EventRounds "6"]
[EventCountry "BRA"]
[SourceTitle "CBM 172 Extra"]
[Source "ChessBase"]
[SourceDate "2016.06.21"]
[SourceVersion "1"]
[SourceVersionDate "2016.06.21"]
[SourceQuality "1"]

1. c4 Nf6 2. Nc3 g6 3. d4 Bg7 4. Nf3 0-0 5. e4 d6 6. Be2 e5 7. d5 Ne8 8. Bg5 f6 9. Bh4 g5 10. Bg3 f5 11. exf5 Bxf5 12. h4 g4 13. Ng5 h6 14. Nge4 Nf6 15. f3 gxf3 16. gxf3 Nh5 17. Bf2 Nf4 18. Bf1 Nd7 19. Ne2 Bxe4 20. fxe4 Qf6 21. Be3 Nc5 1-0

[Event "Parauapebas Paraense-ch"]
[Site "Parauapebas"]
[Date "2015.11.22"]
[Round "6"]
[White "Da Cunha, Giovanni Maciel"]
[Black "Almeida, Talita Medrado"]
[Result "0-1"]
[WhiteElo "1957"]
[BlackElo "1647"]
[PlyCount "104"]
[EventDate "2015.11.20"]
[EventType "swiss"]
[EventRounds "6"]
[EventCountry "BRA"]
[SourceTitle "CBM 169 Extra"]
[Source "ChessBase"]
[SourceDate "2015.12.18"]
[SourceVersion "1"]
[SourceVersionDate "2015.12.18"]
[SourceQuality "1"]

1. c4 e6 2. g3 c6 3. Bg2 Nf6 4. e3 d5 5. d4 dxc4 6. Ne2 Nbd7 7. 0-0 Bd6 8. Nbc3 0-0 9. e4 e5 10. d5 cxd5 11. Nxd5 Nxd5 12. exd5 Nf6 13. Nc3 a6 14. Bg5 h6 15. Bxf6 Qxf6 16. Ne4 Qd8 17. Rc1 b5 18. a4 Bf5 19. axb5 axb5 20. b3 Ba3 21. bxc4 Bxc1 22. Qxc1 bxc4 23. Qxc4 Rc8 24. Qe2 Qd7 25. Re1 Bg4 26. Qe3 f5 27. Nc5 Qa7 28. Ne6 Qxe3 29. fxe3 Rfe8 30. h3 Bh5 31. e4 fxe4 32. Bxe4 Rc3 33. g4 Bf7 34. Bg2 Bxe6 35. dxe6 Rc5 36. Rd1 Kf8 37. Rd6 Ke7 38. Rd7+ Kxe6 39. Rxg7 Kf6 40. Rh7 Kg6 41. Rd7 e4 42. h4 Rce5 43. Kf2 e3+ 44. Ke2 R8e6 45. Rd4 Kf6 46. Rf4+ Ke7 47. Rf5 Rxf5 48. gxf5 Re5 49. Bf3 Kf6 50. h5 Kxf5 51. Kd3 Kf4 52. Be2 Rd5+ 0-1

[Event "Belem Velha 3rd"]
[Site "Belem"]
[Date "2015.10.21"]
[Round "1.4"]
[White "Robinson, Malcolm"]
[Black "Da Cunha, Giovanni Maciel"]
[Result "1/2-1/2"]
[WhiteElo "1799"]
[BlackElo "2014"]
[PlyCount "98"]
[EventDate "2015.10.21"]
[EventType "tourn"]
[EventRounds "7"]
[EventCountry "BRA"]
[SourceTitle "EXT 2022"]
[Source "ChessBase"]
[SourceDate "2021.10.06"]
[SourceVersion "1"]
[SourceVersionDate "2021.10.06"]
[SourceQuality "1"]

1. Nf3 Nf6 2. c4 g6 3. g3 Bg7 4. Bg2 0-0 5. 0-0 d6 6. Nc3 e5 7. d4 Nc6 8. b3 Bg4 9. d5 Ne7 10. e4 Nd7 11. h3 Bxf3 12. Bxf3 f5 13. Be3 f4 14. gxf4 exf4 15. Bd4 Ne5 16. Bg4 h5 17. Be6+ Kh8 18. f3 c5 19. Bxe5 Bxe5 20. Rc1 Ng8 21. Kh2 Qf6 22. Ne2 Nh6 23. Qe1 g5 24. Rg1 Rae8 25. Rg2 Rxe6 26. dxe6 g4 27. Ng1 g3+ 28. Kh1 Bd4 29. Qf1 h4 30. Rd1 Qxe6 31. Rxd4 cxd4 32. Rd2 Kg8 33. Kg2 Nf7 34. Qd3 b6 35. Qxd4 Qe5 36. Qd5 Kg7 37. Ne2 Rd8 38. Rd1 Kf8 39. Qd2 Ng5 40. Nxf4 Ke8 41. Re1 Ne6 42. Nd5 Kd7 43. f4 Qd4 44. Qe2 Qxd5 45. exd5 Nxf4+ 46. Kf3 Nxe2 47. Rxe2 Re8 48. Rd2 Rf8+ 49. Kg2 Rf4 1/2-1/2

[Event "Paraense-ch"]
[Site "Belem"]
[Date "2015.08.09"]
[Round "5"]
[White "Oliveira, Joao Leonardo Silva"]
[Black "Da Cunha, Giovanni Maciel"]
[Result "0-1"]
[WhiteElo "1813"]
[BlackElo "1987"]
[PlyCount "90"]
[EventDate "2015.08.07"]
[EventType "swiss"]
[EventRounds "6"]
[EventCountry "BRA"]
[SourceTitle "EXT 2016"]
[Source "ChessBase"]
[SourceDate "2015.10.08"]
[SourceVersion "1"]
[SourceVersionDate "2015.10.08"]
[SourceQuality "1"]

1. Nf3 Nf6 2. g3 b6 3. Bg2 Bb7 4. 0-0 e6 5. d3 Be7 6. Nbd2 d6 7. b3 Nbd7 8. Bb2 0-0 9. a4 c5 10. Re1 Qc7 11. e4 Rfd8 12. c3 Ne5 13. Nxe5 dxe5 14. Nf3 Bxe4 15. Re3 c4 16. bxc4 Bc5 17. d4 exd4 18. cxd4 Rac8 19. Qb3 Bxf3 20. dxc5 Bxg2 21. Kxg2 Qxc5 22. Rd1 Qh5 23. Red3 Re8 24. Bxf6 gxf6 25. Rd7 Rc5 26. Qe3 Kg7 27. R1d4 a5 28. h3 Kf8 29. Rf4 Qe5 30. Qd3 f5 31. Rd6 Rb8 32. Rd8+ Kg7 33. Rxb8 Qxb8 34. Rd4 Qb7+ 35. Kh2 Qe7 36. Qd2 Kg6 37. h4 h6 38. h5+ Kg7 39. Qc3 Kh7 40. g4 e5 41. Rd5 fxg4 42. Qd3+ Kg7 43. Qf5 Qf6 44. Qc2 Qf4+ 45. Kh1 Rxc4 0-1

[Event "Paraense-ch"]
[Site "Belem"]
[Date "2015.08.07"]
[Round "2"]
[White "Veiga, Emerson de Sousa"]
[Black "Da Cunha, Giovanni Maciel"]
[Result "0-1"]
[WhiteElo "2105"]
[BlackElo "1987"]
[PlyCount "44"]
[EventDate "2015.08.07"]
[EventType "swiss"]
[EventRounds "6"]
[EventCountry "BRA"]
[SourceTitle "EXT 2016"]
[Source "ChessBase"]
[SourceDate "2015.10.08"]
[SourceVersion "1"]
[SourceVersionDate "2015.10.08"]
[SourceQuality "1"]

1. e4 e5 2. Nf3 d6 3. d4 Nf6 4. Nc3 exd4 5. Qxd4 Nc6 6. Bb5 Bd7 7. Bxc6 Bxc6 8. Bg5 Be7 9. 0-0-0 h6 10. Bh4 Qd7 11. h3 0-0-0 12. Qxa7 b6 13. e5 Ne8 14. Bxe7 Qxe7 15. Nd5 Qe6 16. exd6 Bxd5 17. Rhe1 Qxd6 18. Qa6+ Kb8 19. c4 Qf4+ 20. Re3 Nf6 21. cxd5 Nxd5 22. g3 Nxe3 0-1